Catalog

Record Details

Catalog Search



The three investigators in The mystery of the ... Read More

Available copies

  • 1 of 1 copy available at LARL/NWRL Consortium.

Current holds

0 current holds with 1 total copy.

Show Only Available Copies
Location Call Number / Copy Notes Barcode Shelving Location Status Due Date
Red Lake Falls Public Library j ARD (Text) 35500006803579 Main Available -

Record details

  • ISBN: 0590303279
  • ISBN: 9780590303279
  • Physical Description: 184 pages ; 18 cm
  • Publisher: New York : Scholastic, ©1972.

Content descriptions

Summary, etc.:
The Three Investigators solve a case involving an ... Read More
Subject: Detective and mystery stories.
Detective and mystery stories.
LDR 01132cam a2200289 a 4500
001443710
003LARL_NWRL_CONSORTIUM
00520240814121012.0
008830808s1972 nyu 000 1 eng d
035 . ‡a(OCoLC)9788173
040 . ‡aBOA ‡beng ‡cBOA ‡dOCLCQ ‡dOCLCG ‡dOCLCQ ‡dOCLCF ‡dOCLCA ‡dOCLCQ ‡dOCLCO ‡dOCLCL ‡dOCLCQ
020 . ‡a0590303279
020 . ‡a9780590303279
035 . ‡a(OCoLC)9788173
082 4. ‡aFIC ‡bArd
1001 . ‡aArden, William, ‡d1924-2005. ‡1https://id.oclc.org/worldcat/entity/E39PBJdGGJjwJGBVV668GPkxDq ‡0(LARL_NWRL_CONSORTIUM)57010
24514. ‡aThe three investigators in The mystery of the shrinking house / ‡cby William Arden.
2463 . ‡aMystery of the shrinking house
2463 . ‡aAlfred Hitchcock and the three investigators in The mystery of the shrinking house
260 . ‡aNew York : ‡bScholastic, ‡c©1972.
300 . ‡a184 pages ; ‡c18 cm
336 . ‡atext ‡btxt ‡2rdacontent
337 . ‡aunmediated ‡bn ‡2rdamedia
338 . ‡avolume ‡bnc ‡2rdacarrier
4900 . ‡aThree investigators ; ‡v18
4900 . ‡aAlfred Hitchcock mystery ; ‡v18
520 . ‡aThe Three Investigators solve a case involving an international gang of art forgers.
650 0. ‡aDetective and mystery stories. ‡0(LARL_NWRL_CONSORTIUM)18458
650 7. ‡aDetective and mystery stories. ‡2fast ‡0(LARL_NWRL_CONSORTIUM)18458
901 . ‡a443710 ‡bAUTOGEN ‡c443710 ‡tbiblio

Additional Resources